000 00481nam a2200133Ia 4500
008 100328s9999 xx 000 0 und d
082 _b58197
100 _aनाडकर्णी सुरेश-संपा.
245 _aक्रीडा ज्ञानकोश.
260 _bमेहता पब्लिशिंग हाऊस.
630 _aक्रीडा ज्ञानकोश.
730 _aक्रीडा ज्ञानकोश.
942 _cBOOK
999 _c544555
_d544552